000 01678nam a22002297a 4500
999 _c8388
_d8388
003 GBCCL
005 20241126110649.0
008 210202b ||||| |||| 00| 0 eng d
022 _a9780310273332
022 _a0310273331
040 _cgbc
082 _a220.6
_bTHR
245 _aThree views on the New Testament use of the Old Testament :
_cgeneral editors, Kenneth Berding and Jonathan Lunde.
_bsingle meaning, unified referents
260 _aGrand Rapids, Mich. :
_bZondervan,
_c2008.
300 _a256 pages ;
_b21 cm
440 _aCounterpoints : exploring theology.
_914678
505 _antroduction: An introduction to central questions in the New Testament's use of the Old Testament / Jonathan Lunde -- Single meaning, unified referents : accurate and authoritative citations of the Old Testament by the New Testament / Walter C. Kaiser, Jr. -- Responses / Darrell L. Bock, Peter Enns -- Single meaning, multiple contexts and referents : the New Testament's legitimate, accurate, and multifaceted use of the Old / Darrell L. Bock -- Responses / Walter C. Kaiser, Jr., Peter Enns -- Fuller meaning, single goal : a christotelic approach to the New Testament's use of the Old in its first-century interpretive environment / Peter Enns -- Responses / Walter C. Kaiser, Jr., Darrell L. Bock -- Conclusion: An analysis of three views on the New Testament's use of the Old Testament / Kenneth Berding.
650 _aBible. -- New Testament -- Criticism, interpretation, etc.
_913301
650 _aBible. -- Old Testament -- Relation to the New Testament.
_914676
650 _aBible. -- New Testament -- Relation to the Old Testament.
_914677
942 _2ddc
_cBK
_01